000 00632cam a2200193 4500
001 D930
008 090401t1977 xxu||||| |||| 00| 0 eng d
035 _a(Sirsi) u48950
041 _aeng
050 _a333.330973
110 _aAmerican Institute of Real Estate Appraisers
_93093
245 _aReadings in the income approach to real property. Volume 1: valuation
260 _aCambridge, Mass
_bBallinger
_c1977
300 _axii. 226p. 25cm
350 _a5
520 _aConsists of twenty four articles which have appeared in the Appraisal Journal, the Institutes quarterly publication
942 _n0
948 _c04/03/1997
999 _c92441
_d92441